|
|
|
|
| LEADER |
01435nam a2200277 i 4500 |
| 003 |
GR-PaULI |
| 005 |
20230609140016.0 |
| 008 |
191104m19982003el g 000 1 gre d |
| 952 |
|
|
|0 0
|1 0
|2 ddc
|4 0
|6 813_000000000000000_PRE
|7 0
|9 236801
|a LISP
|b LISP
|c BSC
|d 2019-11-04
|i 141569
|l 0
|o 813 PRE
|p 025000265299
|r 2019-11-04 00:00:00
|t 1
|v 2019.00
|w 2019-11-04
|y BK15
|
| 952 |
|
|
|0 0
|1 0
|2 ddc
|4 0
|6 813_000000000000000_PRE
|7 1
|9 355050
|a LISP
|b LISP
|c DON
|d 2022-01-25
|e ΨΥΧ
|i 254894
|l 0
|o 813 PRE
|p 025000290050
|r 2022-01-25 00:00:00
|t 2
|w 2022-01-25
|y BKN
|
| 999 |
|
|
|c 143268
|d 143268
|
| 020 |
|
|
|a 9601600612
|
| 040 |
|
|
|a GR-PaULI
|b gre
|c GR-PaULI
|e AACR2
|
| 041 |
1 |
|
|a gre
|h eng
|
| 082 |
0 |
4 |
|a 813
|2 23
|
| 100 |
1 |
|
|a Pressfield, Steven,
|e συγγραφέας.
|9 55412
|
| 240 |
|
|
|a Gates of fire
|
| 245 |
1 |
3 |
|a Οι πύλες της φωτιάς :
|b ένα επικό μυθιστόρημα για την μάχη των Θερμοπηλών /
|c Στίβεν Πρέσσφιλντ.
|
| 260 |
|
|
|a Αθήνα:
|b Πατάκης,
|c 2003
|c c1999
|
| 300 |
|
|
|a 544 σελ. ;
|c 21 εκ.
|
| 490 |
1 |
|
|a Σύγχρονη ξένη λογοτεχνία (Πατάκης)
|v 110
|
| 700 |
1 |
|
|a Κοκκίνου, Βασιλική
|e μεταφράστρια.
|9 35903
|
| 700 |
1 |
|
|9 178665
|a Κατερίνα Λελούδη
|c επιμελήτρια.
|
| 830 |
|
0 |
|9 181030
|a Σύγχρονη ξένη λογοτεχνία (Πατάκης)
|v 110
|
| 942 |
|
|
|2 ddc
|c BK15
|
| 998 |
|
|
|c Σαλαμούρα
|d 2019-11
|